Los CETIS del D.F. se vinculan con las empresas del área (Record no. 63845)
[ view plain ]
| 000 -CABECERA | |
|---|---|
| campo de control de longitud fija | 00546nam a2200181 a 4500 |
| 005 - FECHA Y HORA DE LA ÚLTIMA TRANSACCIÓN | |
| campo de control | 20210219152922.0 |
| 008 - ELEMENTOS DE LONGITUD FIJA--INFORMACIÓN GENERAL | |
| campo de control de longitud fija | 991125n 000 0 spa u |
| 035 ## - NÚMERO DE CONTROL DEL SISTEMA | |
| Número de control de sistema | UPN01000067197 |
| 222 ## - TÍTULO CLAVE | |
| Título clave | COMUNICACION EDUCATIVA SEP |
| 245 ## - MENCIÓN DE TÍTULO | |
| Título | Los CETIS del D.F. se vinculan con las empresas del área |
| 300 ## - DESCRIPCIÓN FÍSICA | |
| Extensión | 2 |
| 362 ## - FECHAS DE PUBLICACIÓN Y/O DESIGNACIÓN SECUENCIAL | |
| Fecha de publicación y/o designación secuencial | 1988 Año 5, no. 54 mar. |
| 653 0# - TERMINO DE INDIZACION - NO CONTROLADO | |
| Término no controlado | CENTRO DE ESTUDIOS TECNOLOGICOS, INDUSTRIAL Y DE SERVICIOS (MEXICO) |
| 653 0# - TERMINO DE INDIZACION - NO CONTROLADO | |
| Término no controlado | DISTRITO FEDERAL (MEXICO) |
| 653 0# - TERMINO DE INDIZACION - NO CONTROLADO | |
| Término no controlado | EMPRESA |
| 904 ## - ELEMENTOS DE DATOS D LOCAL, LDD (RLIN) | |
| a | AC |
| b | 005008 |
| 905 ## - TIPO DE MATERIAL | |
| Tipo de material | Articulo |
No items available.
